000 00414nam a2200169Ia 4500
008 180207s9999 xx 000 0 und d
020 _a9780439800037
050 _bW678 2006
100 _aWilhelm, Hans.
245 _aJesus wants me for a sunbeam /
245 _cHans Wilhelm.
260 _aNew York :
260 _bScholastic,
260 _c2006
300 _aunpaged :
300 _bcolor illustration ;
999 _c355074
_d355074